00988nam a22002537a 450000500170000001000130001702000240003003500130005403700160006704000120008308200150009510000260011024501340013626000400027027000510031030000310036150000410039265000560043365000450048970000240053494200240055899900190058295201330060120170124110241.0 aB-162052 a8170622689c2500.00 aB-162052 bCen Lib/Ret aDPLbEN a356.1bSHA aShankar Prasad994986 aThe gallant dogras :cby Shankar Prasad ; Illustrated by Vivan Mehra .. [et al.]ban illustration history of the dogra regiment / aNew DelhibLancer Publishers c2005 aK-36A (FF) Green Park Main bNew Delhie110016 axvi,436p.:c29cm(Hb)bill. aIncludes bibliographical references  aIndia. -- Army. -- Dogra Regiment -- History994987 aIndia. -- Army. -- Dogra Regiment994988 aMehra, Vivan994989 2ddccENh356.1mSHA c135177d135177 001040718REFaLbLd2015-10-03eCen Lib/Retg2500.00l0o356.1 SHApB-162052r2015-10-03 00:00:00t1v2500.00w2016-09-15yEN